Santé au travail (Registro nro. 30795)
[ vista simple ]
| 000 -CABECERA | |
|---|---|
| Longitud fija campo de control | 01226naa a2200337 c 4500 |
| 001 - NÚMERO DE CONTROL | |
| Número de control | 30795 |
| 003 - IDENTIFICADOR DE NÚMERO DE CONTROL | |
| Identificador del número de control | ES-MaCES |
| 005 - FECHA Y HORA DE LA ÚLTIMA TRANSACCIÓN | |
| Fecha y hora de la última transacción | 19990622173900.0 |
| 008 - CAMPO FIJO DE DESCRIPCIÓN FIJA--INFORMACIÓN GENERAL | |
| Códigos de información de longitud fija | 950731n1995 sp ||| | spa d |
| 035 ## - NÚMERO DE CONTROL DEL SISTEMA | |
| Número de control del sistema | CES19980047359v |
| 040 ## - FUENTE DE CATALOGACIÓN | |
| Centro catalogador de origen | ES-MaCES |
| Lengua de catalogación | spa |
| Centro transcriptor | ES-MaCES |
| 245 00 - MENCIÓN DE TÍTULO | |
| Título | Santé au travail |
| Mención de responsabilidad, etc. | Séminaire ISERES-CGT, Montreuil, 14 décembre 1994 |
| 300 ## - DESCRIPCIÓN FÍSICA | |
| Extensión | 73 p. |
| Dimensiones | 30 cm |
| 500 ## - NOTA GENERAL | |
| Nota general | P Compra |
| 504 ## - NOTA DE BIBLIOGRAFÍA, ETC. | |
| Nota de bibliografía, etc. | Bibliografía |
| 650 #4 - ASIENTO SECUNDARIO DE MATERIA--TÉRMINO DE MATERIA | |
| Término de materia o nombre geográfico como elemento inicial | enfermedad profesional |
| 9 (RLIN) | 28346 |
| 650 #4 - ASIENTO SECUNDARIO DE MATERIA--TÉRMINO DE MATERIA | |
| Término de materia o nombre geográfico como elemento inicial | salud mental |
| 9 (RLIN) | 27001 |
| 650 #4 - ASIENTO SECUNDARIO DE MATERIA--TÉRMINO DE MATERIA | |
| Término de materia o nombre geográfico como elemento inicial | horas de trabajo |
| 9 (RLIN) | 28335 |
| 650 #4 - ASIENTO SECUNDARIO DE MATERIA--TÉRMINO DE MATERIA | |
| Término de materia o nombre geográfico como elemento inicial | ergonomía |
| 9 (RLIN) | 28325 |
| 650 #4 - ASIENTO SECUNDARIO DE MATERIA--TÉRMINO DE MATERIA | |
| Término de materia o nombre geográfico como elemento inicial | salud en el trabajo |
| 9 (RLIN) | 28347 |
| 650 #4 - ASIENTO SECUNDARIO DE MATERIA--TÉRMINO DE MATERIA | |
| Término de materia o nombre geográfico como elemento inicial | mortalidad |
| 9 (RLIN) | 28506 |
| 650 #4 - ASIENTO SECUNDARIO DE MATERIA--TÉRMINO DE MATERIA | |
| Término de materia o nombre geográfico como elemento inicial | esperanza de vida |
| 9 (RLIN) | 29809 |
| 650 #4 - ASIENTO SECUNDARIO DE MATERIA--TÉRMINO DE MATERIA | |
| Término de materia o nombre geográfico como elemento inicial | condiciones de trabajo |
| 9 (RLIN) | 28327 |
| 653 10 - TÉRMINO DE INDEXACIÓN--NO CONTROLADO | |
| Término no controlado | Salud |
| 710 2# - ENCABEZAMIENTO SECUNDARIO--NOMBRE CORPORATIVO | |
| Nombre de entidad o nombre de jurisdicción como elemento inicial | Institut syndical d'études et de recherches économiques et sociales (Francia) |
| Unidad subordinada | Seminario |
| Fecha del congreso o de la firma de un tratado | 1994 |
| Sede del congreso | Montreuil |
| 9 (RLIN) | 4345 |
| 710 2# - ENCABEZAMIENTO SECUNDARIO--NOMBRE CORPORATIVO | |
| Nombre de entidad o nombre de jurisdicción como elemento inicial | Confédération générale du travail (Francia) |
| Unidad subordinada | Séminaire |
| Fecha del congreso o de la firma de un tratado | 1994 |
| Sede del congreso | Montreuil |
| 9 (RLIN) | 2296 |
| 773 0# - ENTRADA DE DOCUMENTO FUENTE | |
| Título | Analyses et documents économiques |
| Parte(s) relacionada(s) | N. 64 (abr. 1995){10441 R. 011167} |
| Número de control del registro relacionado | (ES-MaCES)25449 |
| Itemnumber del ítem fuente | 59060 |
| 902 ## - CES. TIPO DE DOCUMENTO | |
| Tipodoc (006$c Sirtex) | MON Monográfico de revista |
| 942 ## - ELEMENTOS KOHA | |
| Fuente de clasificaión o esquema | Clasificación propia del CES |
| Koha [por defecto] tipo de item | Artículos (1982-2017) |
| Parte de clasificación | 3.1. |
No hay ítems disponibles.
